000 00604nam a22002172 4500
001 0000020781
005 20151217152221.0
008 111014s xx 000 0 eng d
020 _a1848600157 :
040 _aKABU
_cKABU
245 1 0 _aGlobal Civil Society 2009 :
_bpoverty and activism.
250 _a1st ed.
260 _aLondon :
_bSAGE,
_c2009.
300 _axiii, 356 p.
650 0 _aPoverty.
_@0000150280
650 0 _aPoor.
_@0000164818
650 0 _aCivil society.
_@0000160274
852 1 _9p4501.20 KES
908 _a111014
950 _@1
999 _c9497
_d9497